| 000 | 00814cam a2200265 4500 | ||
|---|---|---|---|
| 008 | 050125r2002 sp a 000 0 spa u | ||
| 020 | _a8420670200 | ||
| 035 | _aa443163 | ||
| 050 | 0 | 0 |
_aNX600 _b.R6 H66 2002 |
| 050 | 0 | 0 |
_aN6465 _b.R6 H66 2002 |
| 100 | 1 | _aHonour, Hugh. | |
| 245 | 1 | 3 |
_aEl romanticismo / _cHugh Honour ; vers. española de Remigio Gómez Díaz. |
| 250 | _a1a. ed. | ||
| 260 |
_aMadrid, España : _bAlianza, _c2002 |
||
| 300 |
_a446 p. : _bils. ; _c23 cm. |
||
| 440 | 0 |
_aAlianza forma ; _vNo. 20 |
|
| 500 | _aTraducción de : Romanticism | ||
| 504 | _aBibliografía : p. [385]-435 | ||
| 504 | _aIncluye índice | ||
| 506 | _aRec. prop. esc. | ||
| 650 | 1 | 0 | _aRomanticismo en el arte |
| 650 | 2 | 0 |
_aArte moderno _ySiglo XIX |
| 700 | 1 | _aGómez Díaz, Remigio, tr. | |
| 942 |
_2lcc _cLIB |
||
| 999 |
_c131796 _d131796 |
||